Bordering Countries that Forms a word #1 - Statistics

General Stats
  • This quiz has been taken 58 times
  • The average score is 15 of 17
Answer Stats
Group Answer % Correct
RUBS Russia
96%
MAN Morocco/Mauritania/Mali
94%
MAN Niger
91%
RUBS Ukraine
91%
MAN Algeria
89%
RUBS Belarus
87%
CAT China
87%
CAT Afghanistan
85%
PAIN Afghanistan
85%
PAIN India
85%
PAIN Nepal
85%
RUBS Slovakia
85%
RAN Angola
83%
PAIN Pakistan
83%
CAT Tajikistan
81%
RAN Namibia
77%
RAN Rep. of Congo
70%
No matching quizzes found
Score Distribution
Percent of People with Each Score
Percentile by Number Answered
Your Score History
You have not taken this quiz